00925nam a2200205 a 450000100100000000500170001000800410002704000250006808200160009311000320010924000180014124500860015926000450024530000210029059000280031195201290033995201140046895201200058299900170070200004665620201002053026.0090728s20uu dr 000 0 spa d aDO-SdBNPbspacBNPHU axxxbR426l,2 aRepública Dominicana944710a[Leyes, etc.]10aLey 139-13 :bLey orgánica de las Fuerzas Armadas de la República Dominicana. aSanto Domingo :bEditora Dalis,c[200?]. a108 p. ;c22 cm. aInventariado, 2018 / VM 001052708DSaGRbGRcHDd2018-03-15iLF1l0oxxx R426l,p46656-30r2020-06-25te. 3w2020-06-25yLFDSZPréstamo interno 0010718PDaPDbPDcHDd2018-03-15iLF1l0oxxx R426l,p46656-10r2020-06-25w2020-06-25yLFPDZNo se presta 0010718PDaPDbPDcHDd2018-03-15iLF1l0oxxx R426l,p46656-20r2020-06-25te. 2w2020-06-25yLFPDZNo se presta c46145d46145